UBT Library

Mathematics in Civilization (Record no. 54027)

000 -LEADER
fixed length control field 00271nam a22001217a 4500
008 - FIXED-LENGTH DATA ELEMENTS--GENERAL INFORMATION
fixed length control field 190205b xxu||||| |||| 00| 0 eng d
041 ## - LANGUAGE CODE
Language code of text/sound track or separate title eng
080 ## - UNIVERSAL DECIMAL CLASSIFICATION NUMBER
Universal Decimal Classification number 510
100 ## - Rafti
Rafti 36
101 ## - Shkurtesa
Shkurtesa MAT
245 ## - TITLE STATEMENT
Title Mathematics in Civilization
Statement of responsibility, etc Resnikoff,H.L
942 ## - ADDED ENTRY ELEMENTS (KOHA)
Source of classification or shelving scheme
Item type Books
Holdings
Withdrawn status Lost status Source of classification or shelving scheme Damaged status Not for loan Collection code Permanent location Current location Shelving location Date acquired Total Checkouts Full call number Barcode Date last seen Price effective from Koha item type
          Koleksioni i përgjithshem UBT - Lipjan UBT - Lipjan Koleksioni i përgjithshem 02/05/2019   510 RES 002-3021272 02/05/2019 02/05/2019 Books
UBT Library © 2015-2024. All rights reserved University Education for Business and Technology